000
00280nam a2200121Ia 4500
008
140130s9999 xx 000 0 und d
245
_c
Tracy Mack
_a
Drawing Lessons
260
_b
Scholastic,
_c
2000
440
_v
1
521
_a
Grade 3 - Grade 4
942
_c
BK
999
_c
40858
_d
40858